| 000 | 00886nam a22003017a 4500 | ||
|---|---|---|---|
| 003 | CHAP | ||
| 005 | 20220329134459.0 | ||
| 008 | 971013s r 00010 d | ||
| 010 | _a21017 | ||
| 011 | _a21989 | ||
| 035 | _a26081 | ||
| 040 | _cCHAP | ||
| 090 | _aFolleto 4766 | ||
| 110 |
_aCIBA-GEIGY Mexicana, S.A. de C. V. _923030 |
||
| 245 | _aGuía rápida para cítricos | ||
| 260 |
_a(México : _bs.e.), _c(s.a.) |
||
| 300 | _a(s.p.) | ||
| 590 |
_aBATCH-UPD _b10 _c20130110 _lUCH01 _h1630 |
||
| 590 |
_aBATCH-UPD _b10 _c20130410 _lUCH01 _h1023 |
||
| 590 |
_aBATCH-UPD _b10 _c20130914 _lUCH01 _h0958 |
||
| 590 |
_aCONVERSION _b10 _c20130109 _lUCH01 _h1312 |
||
| 650 | 1 | 4 |
_aCítricos _xPlagas. _924458 |
| 650 | 1 | 4 |
_aInsecticidas. _958855 |
| 650 | 1 | 4 |
_aInsecticidas _xAplicación. _958857 |
| 901 | _aBK | ||
| 942 | _cFOLL | ||
| 949 |
_aFolleto 4766 _bBC _cFOLL _d-60263 _eTS1 _i26081 _mD _si |
||
| 999 |
_c21017 _d21017 |
||